000 00672nam a2200181Ia 4500
008 090123s9999 xx 000 0 und d
082 _b2312
_a891.463/मोकाशी
100 _aमोकाशी दि.बा.
245 _aपुरुषाला शंभर गुन्हे माफ
250 _a0
260 _bसुलभ मुद्रणालय
300 _a136
600 _aमोकाशी दि.बा.
630 _aपुरुषाला शंभर गुन्हे माफ
700 _aमोकाशी दि.बा.
730 _aपुरुषाला शंभर गुन्हे माफ
942 _cBOOK
999 _c40397
_d40397